| 000 | 00427nam a2200157Ia 4500 | ||
|---|---|---|---|
| 008 | 210716s2010 xx 000 0 und d | ||
| 020 | _a9788126527472 | ||
| 041 | _aeng | ||
| 082 | _a374.22 ZENT | ||
| 100 | _aZender, Tom. | ||
| 245 | _aGod goes to work: new thought paths to prosperity and profits. | ||
| 250 | _a1 | ||
| 260 |
_aNew Delhi _bWiley India Pvt Ltd _c2010 |
||
| 300 | _axvii,235 | ||
| 650 | _aGeneral Management | ||
| 999 |
_c206988 _d206988 |
||